[Event "TCh-FRA Top 12 2011"]
[Site "Mulhouse FRA"]
[Date "2011.05.28"]
[Round "3.4"]
[White "Lazarev, Vladimir"]
[Black "Brunner, Nicolas"]
[Result "1/2-1/2"]
[WhiteTitle "GM"]
[BlackTitle "IM"]
[WhiteElo "2443"]
[BlackElo "2450"]
[WhiteTeam "Club d'Echecs Metz Fischer"]
[BlackTeam "Vandoeuvre-Echecs"]
[WhiteFideId "4113250"]
[BlackFideId "620246"]
[EventDate "2011.05.26"]

1. d4 Nf6 2. c4 c5 3. d5 b5 4. cxb5 a6 5. bxa6 g6 6. Nc3 Bxa6 7. g3 d6 8. Bg2
Bg7 9. Nf3 Nbd7 10. Rb1 O-O 11. O-O Qa5 12. Bd2 Ng4 13. Qc2 Nge5 14. Nxe5 Nxe5
15. b3 Qa3 16. Bc1 Qa5 17. Bd2 Qa3 18. Rfd1 Rfc8 19. Be1 Rab8 20. h3 c4 21. Kh2
Nd7 22. bxc4 Bxc4 23. Rxb8 Nxb8 24. Qc1 Qa7 25. Qf4 Bxa2 26. Nxa2 Qxa2 27. Qe4
Bf6 28. f4 Nd7 29. Bf3 Rc4 30. Qb1 Qxb1 31. Rxb1 h5 32. Rb4 Rc2 33. Kg2 Nc5 34.
Bf2 Kg7 1/2-1/2

[Event "TCh-FRA Top 12 2011"]
[Site "Mulhouse FRA"]
[Date "2011.05.28"]
[Round "3.5"]
[White "Philippe, Christophe"]
[Black "Koch, Jean-Rene"]
[Result "0-1"]
[WhiteTitle "IM"]
[BlackTitle "IM"]
[WhiteElo "2422"]
[BlackElo "2476"]
[WhiteTeam "Vandoeuvre-Echecs"]
[BlackTeam "Club d'Echecs Metz Fischer"]
[WhiteFideId "610038"]
[BlackFideId "600148"]
[EventDate "2011.05.26"]

1. e4 e5 2. Nf3 Nf6 3. Nxe5 d6 4. Nf3 Nxe4 5. Nc3 Nxc3 6. dxc3 Nc6 7. Be3 Be7 8.
Qd2 Be6 9. O-O-O Bxa2 10. b3 a5 11. Kb2 a4 12. Kxa2 axb3+ 13. Kxb3 Ra5 14. Kb2
Qa8 15. Rb1 O-O 16. Be2 d5 17. Kc1 Ra1 18. Qe1 d4 19. Nxd4 Nxd4 20. Bxd4 Bg5+
21. Be3 Bxe3+ 22. fxe3 Rd8 23. Bd3 Rxd3 24. cxd3 Qa3+ 0-1

[Event "TCh-FRA Top 12 2011"]
[Site "Mulhouse FRA"]
[Date "2011.05.28"]
[Round "3.6"]
[White "Neiman, Emmanuel"]
[Black "Genzling, Alain"]
[Result "1/2-1/2"]
[WhiteTitle "FM"]
[BlackTitle "FM"]
[WhiteElo "2345"]
[BlackElo "2395"]
[WhiteTeam "Club d'Echecs Metz Fischer"]
[BlackTeam "Vandoeuvre-Echecs"]
[WhiteFideId "601616"]
[BlackFideId "632708"]
[EventDate "2011.05.26"]

1. c4 c5 2. g3 g6 3. Bg2 Bg7 4. Nc3 Nc6 5. Nf3 e5 6. O-O Nge7 7. a3 a5 8. Ne1 d6
9. Nc2 O-O 10. Rb1 Be6 11. Ne3 Rb8 12. Ned5 f5 13. d3 Bf7 14. Bg5 h6 15. Nxe7+
Nxe7 16. Bxe7 Qxe7 17. Qa4 e4 18. dxe4 Bxc3 19. bxc3 fxe4 20. Rb6 Be8 21. Qc2
Bc6 22. Rxc6 bxc6 23. Bxe4 g5 24. Bxc6 Kg7 25. Rd1 Rb6 26. Bb5 Qf6 27. e3 Qf3
28. a4 Rf6 29. Rd2 Rb8 30. Qd1 Qf5 31. Qe2 Qe5 32. Qd3 Rb6 33. e4 g4 34. Qe2 h5
35. Rd5 Qxc3 36. Rxh5 Rg6 37. h3 gxh3 38. Rxh3 Rb8 39. Kg2 Rh8 40. Rxh8 Kxh8 41.
Qf3 Qxf3+ 42. Kxf3 Kg7 43. e5 Re6 44. exd6 Rxd6 45. Ke4 Kf6 46. f3 Rd4+ 47. Ke3
Kf5 48. Ba6 Kg5 49. f4+ Kg4 50. Kf2 Rd2+ 51. Ke3 Rd4 52. Kf2 Rd2+ 1/2-1/2

[Event "TCh-FRA Top 12 2011"]
[Site "Mulhouse FRA"]
[Date "2011.05.28"]
[Round "3.7"]
[White "Paci, Cedric"]
[Black "Elbilia, Jacques"]
[Result "1-0"]
[WhiteTitle "FM"]
[BlackTitle "FM"]
[WhiteElo "2389"]
[BlackElo "2390"]
[WhiteTeam "Vandoeuvre-Echecs"]
[BlackTeam "Club d'Echecs Metz Fischer"]
[WhiteFideId "614203"]
[BlackFideId "9000127"]
[EventDate "2011.05.26"]

1. d4 Nf6 2. Nf3 e6 3. g3 d5 4. c4 Bb4+ 5. Bd2 Be7 6. Bg2 O-O 7. O-O c6 8. Qc2
b6 9. b3 Ba6 10. Rd1 Nbd7 11. Nc3 Rc8 12. e4 Nxe4 13. Nxe4 dxe4 14. Qxe4 b5 15.
c5 Nf6 16. Qe2 Nd5 17. h4 Re8 18. Ne5 Bf6 19. Be4 Bxe5 20. dxe5 f5 21. exf6 Qxf6
22. Bg5 Qf7 23. Qc2 Qh5 24. Kh2 Rf8 25. Rd2 h6 26. g4 Qf7 27. Be3 Qf6 28. g5
Qe5+ 29. f4 Rxf4 30. Bxf4 Qxf4+ 31. Kh3 Qe3+ 32. Kh2 Rf8 33. gxh6 Rf4 34. Bh7+
Kh8 35. hxg7+ Kxg7 36. Qg6+ Kf8 37. Qh6+ Ke7 38. Rg2 Qe5 39. Qg7+ Qxg7 40. Rxg7+
Kf6 41. Rxa7 Bc8 42. Ra8 Ne7 43. Kg2 Rg4+ 44. Kh3 Rg7 45. Be4 e5+ 46. Rxc8 Nxc8
47. Rf1+ 1-0

[Event "TCh-FRA Top 12 2011"]
[Site "Mulhouse FRA"]
[Date "2011.05.28"]
[Round "3.8"]
[White "Collas, Silvia"]
[Black "Congiu, Mathilde"]
[Result "1/2-1/2"]
[WhiteTitle "IM"]
[BlackTitle "WIM"]
[WhiteElo "2315"]
[BlackElo "2237"]
[WhiteTeam "Club d'Echecs Metz Fischer"]
[BlackTeam "Vandoeuvre-Echecs"]
[WhiteFideId "2902265"]
[BlackFideId "634581"]
[EventDate "2011.05.26"]

1. d4 d5 2. c4 e5 3. e3 exd4 4. exd4 Nf6 5. Nc3 c6 6. h3 Be7 7. Nf3 O-O 8. Be3
Bf5 9. Qb3 Na6 10. c5 Qa5 11. a3 Rab8 12. Qa4 Qxa4 13. Nxa4 Nc7 14. O-O-O Nd7
15. Bf4 Rbc8 16. Bd3 Bxd3 17. Rxd3 Ne6 18. Bg3 Nf6 19. Rb3 Nd8 20. Re1 Ne4 21.
Re2 Bf6 22. Bf4 Ne6 23. Be3 Rc7 24. Nc3 N4xc5 25. dxc5 d4 26. Ne4 dxe3 27. Rbxe3
Be7 28. Rc2 Rd8 29. b4 Rcd7 30. Rd2 1/2-1/2

[Event "TCh-FRA Top 12 2011"]
[Site "Mulhouse FRA"]
[Date "2011.05.28"]
[Round "3.3"]
[White "Terrieux, Kevin"]
[Black "Edouard, Romain"]
[Result "1/2-1/2"]
[WhiteTitle "IM"]
[BlackTitle "GM"]
[WhiteElo "2434"]
[BlackElo "2602"]
[WhiteTeam "Echiquier Guingampais"]
[BlackTeam "L'Echiquier Chalonnais"]
[WhiteFideId "622591"]
[BlackFideId "633429"]
[EventDate "2011.05.26"]

1. d4 Nf6 2. c4 g6 3. Nc3 d5 4. cxd5 Nxd5 5. Bd2 Bg7 6. e4 Nxc3 7. Bxc3 c5 8. d5
Bxc3+ 9. bxc3 O-O 10. Qd2 Qd6 11. Nf3 Bg4 12. Ng5 h6 13. h3 hxg5 14. hxg4 Qe5
15. Bd3 Qf6 16. Rb1 b6 17. Bb5 a6 18. Be2 Nd7 19. Qe3 Kg7 20. g3 Rh8 21. O-O Rh6
22. Kg2 Rah8 23. Rh1 Rxh1 24. Rxh1 Rxh1 25. Kxh1 b5 26. Kg2 c4 27. f4 gxf4 28.
gxf4 g5 29. Qa7 Nf8 30. f5 Qxc3 31. Qxe7 Qd2 32. Kf2 Qd4+ 33. Kg3 Qe3+ 34. Bf3
c3 35. e5 c2 36. e6 Qe5+ 37. Kg2 c1=Q 1/2-1/2

[Event "TCh-FRA Top 12 2011"]
[Site "Mulhouse FRA"]
[Date "2011.05.28"]
[Round "3.5"]
[White "De Sousa, Jose-Claude"]
[Black "Vernay, Clovis"]
[Result "1-0"]
[WhiteTitle "FM"]
[BlackTitle "IM"]
[WhiteElo "2258"]
[BlackElo "2462"]
[WhiteTeam "Echiquier Guingampais"]
[BlackTeam "L'Echiquier Chalonnais"]
[WhiteFideId "603880"]
[BlackFideId "633046"]
[EventDate "2011.05.26"]

1. e4 e6 2. d4 d5 3. Nc3 Nf6 4. e5 Nfd7 5. f4 c5 6. Nf3 Nc6 7. Be3 Rb8 8. Qd2
Qa5 9. Bd3 c4 10. Be2 b5 11. O-O b4 12. Nd1 Ba6 13. Qe1 Nb6 14. b3 Ne7 15. g4 h5
16. h3 hxg4 17. hxg4 Rc8 18. Bd2 Nc6 19. f5 Nd8 20. Ne3 c3 21. Bc1 Na8 22. Ng2
Rc6 23. Be3 Nc7 24. Qf2 Bxe2 25. Qxe2 Qb5 26. Qf2 Ra6 27. Bg5 Qd7 28. Ne3 Nc6
29. Kg2 Nb5 30. Qe2 Ra5 31. Qd3 Nc7 32. Rh1 Rg8 33. fxe6 fxe6 34. Qh7 Qf7 35.
Raf1 g6 36. Qxf7+ Kxf7 37. Rh7+ Bg7 38. Bh6 g5 39. Nxg5+ 1-0

[Event "TCh-FRA Top 12 2011"]
[Site "Mulhouse FRA"]
[Date "2011.05.28"]
[Round "3.6"]
[White "Dourerassou, Jonathan"]
[Black "Le Goff, Damien"]
[Result "1-0"]
[WhiteTitle "IM"]
[WhiteElo "2397"]
[BlackElo "2271"]
[WhiteTeam "L'Echiquier Chalonnais"]
[BlackTeam "Echiquier Guingampais"]
[WhiteFideId "628050"]
[BlackFideId "634808"]
[EventDate "2011.05.26"]

1. e4 e6 2. d4 d5 3. Nc3 Bb4 4. e5 c5 5. a3 Bxc3+ 6. bxc3 Ne7 7. h4 b6 8. Qg4
cxd4 9. Qxg7 Rg8 10. Qxh7 Qc7 11. Ne2 Nbc6 12. Bf4 Ba6 13. Rh3 Rc8 14. Rg3 Kd7
15. Rxg8 Rxg8 16. Qxf7 Na5 17. Bd2 d3 18. cxd3 Bxd3 19. Nd4 Qxe5+ 20. Be3 Bxf1
21. Kxf1 Rg7 22. Qf3 Nc4 23. Bf4 Qf6 24. Re1 Qxh4 25. Nxe6 Rf7 26. g3 Qh3+ 27.
Kg1 Rh7 28. Nf8+ 1-0

[Event "TCh-FRA Top 12 2011"]
[Site "Mulhouse FRA"]
[Date "2011.05.28"]
[Round "3.7"]
[White "Luco, Alain"]
[Black "Demuth, Adrien"]
[Result "0-1"]
[BlackTitle "IM"]
[WhiteElo "2089"]
[BlackElo "2414"]
[WhiteTeam "Echiquier Guingampais"]
[BlackTeam "L'Echiquier Chalonnais"]
[WhiteFideId "604232"]
[BlackFideId "642274"]
[EventDate "2011.05.26"]

1. e4 e5 2. f4 d5 3. exd5 exf4 4. Nf3 Nf6 5. Bb5+ c6 6. dxc6 Nxc6 7. d4 Bd6 8.
O-O O-O 9. Nbd2 Nb4 10. c4 Bf5 11. Ba4 Ng4 12. Re1 Ne3 13. Rxe3 fxe3 14. Nf1 e2
15. Qxe2 Bd3 16. Qf2 Bxc4 17. Ne3 Be6 18. Qe2 Qa5 19. b3 Nd5 20. Bd2 Qd8 21. Nc4
a6 22. Nxd6 Qxd6 23. b4 Rac8 24. Rf1 Nc3 25. Bxc3 Rxc3 26. Qd2 Rfc8 27. Ng5 Bd5
28. Qf2 Qg6 29. h4 h6 30. Bd7 hxg5 0-1

[Event "TCh-FRA Top 12 2011"]
[Site "Mulhouse FRA"]
[Date "2011.05.28"]
[Round "3.8"]
[White "Muller, Anne"]
[Black "Le Diouron, Aurelie"]
[Result "1-0"]
[WhiteTitle "WIM"]
[WhiteElo "2152"]
[BlackElo "1981"]
[WhiteTeam "L'Echiquier Chalonnais"]
[BlackTeam "Echiquier Guingampais"]
[WhiteFideId "604674"]
[BlackFideId "637432"]
[EventDate "2011.05.26"]

1. e4 e5 2. Nf3 Nf6 3. d4 Nxe4 4. Bd3 d5 5. Nxe5 Nd7 6. Nxd7 Bxd7 7. Nc3 Nxc3 8.
bxc3 Bd6 9. Qh5 g6 10. Qxd5 O-O 11. O-O Bc6 12. Qg5 Be7 13. Qg3 Bh4 14. Qf4 Be7
15. c4 Bd6 16. Qh6 Qf6 17. Bb2 Qf4 18. Qxf4 Bxf4 19. Rfe1 Rfe8 20. g3 Bd2 21.
Red1 Ba5 22. f4 Bf3 23. Rf1 Bg4 24. Kf2 Bd2 25. Kg2 Re7 26. d5 Rae8 27. Be5 h5
28. Rab1 b6 29. h3 Bc8 30. Bf6 Rd7 31. Rbd1 Bb4 32. f5 Kh7 33. c3 Be7 34. Rde1
Bb7 35. Bh4 1-0

[Event "TCh-FRA Top 12 2011"]
[Site "Mulhouse FRA"]
[Date "2011.05.28"]
[Round "3.2"]
[White "Clery, Nicolas"]
[Black "Hamdouchi, Hicham"]
[Result "0-1"]
[WhiteTitle "IM"]
[BlackTitle "GM"]
[WhiteElo "2396"]
[BlackElo "2593"]
[WhiteTeam "A.J.E. Noyon"]
[BlackTeam "Clichy-Echecs-92"]
[WhiteFideId "614904"]
[BlackFideId "9000011"]
[EventDate "2011.05.26"]

1. c4 g6 2. Nc3 Bg7 3. g3 e5 4. Bg2 Ne7 5. d3 O-O 6. h4 h6 7. h5 g5 8. f4 exf4
9. gxf4 g4 10. e4 f5 11. Nge2 d6 12. Be3 c5 13. Qd2 Nbc6 14. O-O-O Be6 15. Nd5
Rb8 16. d4 b5 17. Nxe7+ Nxe7 18. dxc5 bxc4 19. Qxd6 Bxb2+ 20. Kc2 Qc8 21. Bd4
Nc6 22. e5 Nb4+ 23. Kxb2 Rd8 24. Bc3 Rxd6 25. Rxd6 Qxc5 26. Rhd1 Nd5+ 27. Ka1
Nxc3 28. Nxc3 Qa3 29. Rd8+ Rxd8 30. Rxd8+ Kf7 31. Nb1 Qg3 0-1

[Event "TCh-FRA Top 12 2011"]
[Site "Mulhouse FRA"]
[Date "2011.05.28"]
[Round "3.3"]
[White "Pelletier, Yannick"]
[Black "Nguyen, Chi-Minh"]
[Result "1-0"]
[WhiteTitle "GM"]
[BlackTitle "IM"]
[WhiteElo "2587"]
[BlackElo "2381"]
[WhiteTeam "Clichy-Echecs-92"]
[BlackTeam "A.J.E. Noyon"]
[WhiteFideId "1301837"]
[BlackFideId "608661"]
[EventDate "2011.05.26"]

1. d4 e6 2. g3 Nf6 3. c4 d5 4. Bg2 Bb4+ 5. Bd2 Be7 6. Nf3 O-O 7. O-O c6 8. Qc2
b6 9. Rd1 a5 10. Bg5 Ba6 11. Nbd2 Nbd7 12. Rac1 h6 13. Bxf6 Bxf6 14. e4 c5 15.
exd5 cxd4 16. dxe6 fxe6 17. Qg6 Qe8 18. Qxe8 Raxe8 19. Ne4 e5 20. Ne1 Be7 21.
Nd3 Bb7 22. Re1 Bb4 23. Re2 Bxe4 24. Bxe4 Nc5 25. Bd5+ Kh8 26. Rd1 Nxd3 27. Rxd3
g5 28. Kg2 Kg7 29. Re4 Rf6 30. f3 Re7 31. a3 Bd6 32. Rg4 Kf8 33. Re4 h5 34. h3
Rg7 35. Rb3 Bc7 36. Rb5 h4 37. g4 Rd7 38. Re2 Ke7 39. Be4 d3 40. Rd2 Rd4 41. c5
Rc4 42. b4 Rc3 43. Rxd3 axb4 44. axb4 Rxd3 45. Bxd3 bxc5 46. bxc5 Ra6 47. Rb2
Ra3 48. Be4 Rc3 49. c6 Rc1 50. Rd2 Bd6 51. Kf2 Rh1 52. Ke3 Bc5+ 53. Kd3 Bd4 54.
Rc2 Rd1+ 55. Ke2 Rh1 56. Rc4 1-0

[Event "TCh-FRA Top 12 2011"]
[Site "Mulhouse FRA"]
[Date "2011.05.28"]
[Round "3.8"]
[White "Tissot, Alice"]
[Black "Skripchenko, Almira"]
[Result "0-1"]
[BlackTitle "IM"]
[WhiteElo "1948"]
[BlackElo "2462"]
[WhiteTeam "A.J.E. Noyon"]
[BlackTeam "Clichy-Echecs-92"]
[WhiteFideId "646687"]
[BlackFideId "13900145"]
[EventDate "2011.05.26"]

1. e4 c6 2. d4 d5 3. e5 Bf5 4. Nf3 e6 5. Be3 Nd7 6. c4 Bxb1 7. Rxb1 dxc4 8. Bxc4
Ne7 9. O-O Nb6 10. Bd3 Ned5 11. a3 Be7 12. Nd2 Nd7 13. Qh5 g6 14. Qe2 c5 15. Bb5
cxd4 16. Bxd4 O-O 17. Ne4 a6 18. Bc4 N7b6 19. Bxd5 Nxd5 20. Rfd1 Re8 21. Qf3 Rc8
22. Nf6+ Bxf6 23. exf6 Qd6 24. Qh3 Rc6 25. Qh6 Qf8 26. Qh4 e5 27. Bc3 Nxf6 28.
Bb4 Qg7 29. Re1 g5 30. Qg3 Nd5 31. Bd2 b5 32. Qxg5 Rg6 33. Qh4 Rxg2+ 34. Kh1 Qg4
35. Qxg4+ Rxg4 36. Bh6 Rg6 37. Rg1 Nf6 38. h3 Ne4 39. Be3 Rc8 40. Rg4 f5 41.
Rgg1 Rc2 42. Rg2 f4 43. Ba7 f3 44. Rxg6+ hxg6 45. Kg1 Kf7 46. b4 Ke6 47. Ra1 Rc4
48. Rd1 Rc3 49. Ra1 Rb3 50. Re1 Kf5 51. Ra1 g5 52. Bb8 Nd2 53. Ba7 Nc4 54. a4
Rxb4 55. axb5 axb5 56. Kh2 Ra4 57. Rxa4 bxa4 58. Bc5 a3 0-1

[Event "TCh-FRA Top 12 2011"]
[Site "Mulhouse FRA"]
[Date "2011.05.28"]
[Round "3.5"]
[White "Battaglini, Gabriel"]
[Black "Fedorchuk, Sergey A."]
[Result "1-0"]
[WhiteTitle "IM"]
[BlackTitle "GM"]
[WhiteElo "2412"]
[BlackElo "2654"]
[WhiteTeam "C.E. de Rueil Malmaison"]
[BlackTeam "Evry Grand Roque"]
[WhiteFideId "621650"]
[BlackFideId "14102536"]
[EventDate "2011.05.26"]

1. d4 Nf6 2. c4 e6 3. Nc3 Bb4 4. g3 c5 5. Nf3 Bxc3+ 6. bxc3 Qa5 7. Qd3 b6 8. Bg2
Bb7 9. O-O Be4 10. Qe3 O-O 11. g4 Bb7 12. g5 Ne8 13. d5 exd5 14. cxd5 Bxd5 15.
Rd1 Bc6 16. c4 Qa6 17. Qf4 Qb7 18. Bb2 Na6 19. Ne5 Bxg2 20. Rxd7 Qe4 21. Qg3
Qxe2 22. Bc3 Bb7 23. Re1 Qc2 24. g6 hxg6 25. Rxb7 Nec7 26. Nc6 f6 27. Ne7+ Kf7
28. Rxc7 Nxc7 29. Qxc7 g5 30. Nf5+ Kg6 31. Qxg7+ Kxf5 32. Qh7+ 1-0

[Event "TCh-FRA Top 12 2011"]
[Site "Mulhouse FRA"]
[Date "2011.05.28"]
[Round "3.6"]
[White "Moussard, Jules"]
[Black "Kirszenberg, Marc"]
[Result "1-0"]
[WhiteTitle "IM"]
[WhiteElo "2422"]
[BlackElo "2176"]
[WhiteTeam "Evry Grand Roque"]
[BlackTeam "C.E. de Rueil Malmaison"]
[WhiteFideId "642908"]
[BlackFideId "601594"]
[EventDate "2011.05.26"]

1. a3 d5 2. d3 Nf6 3. g3 Bf5 4. Nf3 h6 5. Bg2 e6 6. O-O Be7 7. b3 c5 8. Bb2 Nc6
9. Nbd2 O-O 10. Re1 Rc8 11. e4 Bh7 12. Qe2 b5 13. Ne5 Nd4 14. Qd1 Qc7 15. c3
Qxe5 16. cxd4 cxd4 17. exd5 Qf5 18. dxe6 fxe6 19. Nf3 Qxd3 20. Nxd4 e5 21. Bh3
exd4 22. Qxd3 Bxd3 23. Bxc8 Bc5 24. Be6+ Kh8 25. b4 Bb6 26. Rad1 Bc2 27. Rd2 d3
28. Bf5 Nd5 29. Re5 Ne3 30. fxe3 Rxf5 31. Rxf5 Bxe3+ 32. Rff2 1-0

[Event "TCh-FRA Top 12 2011"]
[Site "Mulhouse FRA"]
[Date "2011.05.28"]
[Round "3.7"]
[White "Lestrelin, Guillaume"]
[Black "Relange, Eloi"]
[Result "0-1"]
[BlackTitle "GM"]
[WhiteElo "2132"]
[BlackElo "2466"]
[WhiteTeam "C.E. de Rueil Malmaison"]
[BlackTeam "Evry Grand Roque"]
[WhiteFideId "614130"]
[BlackFideId "600822"]
[EventDate "2011.05.26"]

1. d4 Nf6 2. c4 g6 3. Nc3 Bg7 4. g3 O-O 5. Bg2 c5 6. d5 e6 7. Nf3 exd5 8. cxd5
d6 9. O-O a6 10. a4 Nbd7 11. Nd2 Rb8 12. Nc4 Ne8 13. a5 Qe7 14. h3 Ne5 15. Nb6
Nc7 16. Be3 Nd7 17. Nc4 Nb5 18. Qb3 Nd4 19. Bxd4 cxd4 20. Ne4 Nc5 21. Nxc5 dxc5
22. e4 dxe3 23. Qxe3 Qxe3 24. fxe3 Rd8 25. Rfd1 Bf8 26. Rac1 Bd7 27. Kf2 Bb5 28.
Nb6 Bd6 29. Bf1 Kg7 30. b3 h5 31. Bc4 Re8 32. Kf3 Rbd8 33. Bd3 Re7 34. Nc4 Bc7
35. d6 Bxd6 36. Nxd6 Rxd6 37. Bxb5 Rxd1 38. Rxd1 axb5 39. Rc1 Re5 40. g4 Kf6 41.
gxh5 Rxh5 42. Ke4 Ke6 43. a6 bxa6 44. Ra1 Rh4+ 45. Kd3 Kd5 46. Rxa6 Rxh3 47. Rf6
c4+ 48. bxc4+ bxc4+ 49. Kd2 Rh2+ 50. Kc3 Re2 51. Rxf7 Rxe3+ 52. Kd2 Rd3+ 53. Ke2
Rg3 54. Rd7+ Ke4 55. Kf2 Rg5 56. Ke2 Rc5 57. Kd2 c3+ 58. Kc2 g5 59. Rf7 g4 0-1

[Event "TCh-FRA Top 12 2011"]
[Site "Mulhouse FRA"]
[Date "2011.05.28"]
[Round "3.5"]
[White "Reinhart, Emmanuel"]
[Black "Sokolov, Andrei1"]
[Result "0-1"]
[WhiteTitle "FM"]
[BlackTitle "GM"]
[WhiteElo "2357"]
[BlackElo "2573"]
[WhiteTeam "C.E. Strasbourg"]
[BlackTeam "Mulhouse Philidor"]
[WhiteFideId "619400"]
[BlackFideId "627089"]
[EventDate "2011.05.26"]

1. e4 c5 2. Nf3 e6 3. d4 cxd4 4. Nxd4 Nf6 5. Nc3 d6 6. Be2 Nc6 7. O-O Be7 8. Be3
O-O 9. Qe1 Nxd4 10. Bxd4 e5 11. Be3 Be6 12. Qd2 a6 13. Rfd1 Rc8 14. Bg5 Qb6 15.
Rab1 Rc6 16. Bxf6 Bxf6 17. Nd5 Bxd5 18. exd5 Rc7 19. b4 e4 20. c4 Be5 21. a4 Qa7
22. Rb3 g6 23. a5 f5 24. c5 Kg7 25. Qe3 Qb8 26. c6 bxc6 27. dxc6 Rxc6 28. b5
axb5 29. Bxb5 Rc7 30. a6 Qa7 31. Qxa7 Rxa7 32. Bc4 Rc8 33. Rb7+ Rc7 34. Bd5 Bd4
35. g4 Bc5 36. g5 e3 37. fxe3 Bxe3+ 38. Kg2 Bxg5 39. Rxa7 Rxa7 40. Bb7 Bf4 41.
Rd4 Be5 42. Rc4 g5 43. h3 h5 44. Rc7+ Kf6 45. Rh7 Kg6 46. Rd7 g4 47. hxg4 hxg4
48. Rc7 Kg5 49. Rc4 Kf6 50. Ra4 Bc3 51. Rc4 Bb2 52. Ra4 Ke5 53. Ra5+ Kf6 54. Bc8
Be5 55. Kf1 Kg5 56. Kg2 f4 57. Bb7 Kh5 58. Ra4 Kh4 59. Be4 Bc3 60. Bb7 Kg5 61.
Kf2 Bd2 62. Kg2 Be3 63. Re4 0-1

[Event "TCh-FRA Top 12 2011"]
[Site "Mulhouse FRA"]
[Date "2011.05.28"]
[Round "3.6"]
[White "Riff, Jean-Noel"]
[Black "Roos, Daniel"]
[Result "0-1"]
[WhiteTitle "IM"]
[BlackTitle "IM"]
[WhiteElo "2502"]
[BlackElo "2389"]
[WhiteTeam "Mulhouse Philidor"]
[BlackTeam "C.E. Strasbourg"]
[WhiteFideId "611190"]
[BlackFideId "600253"]
[EventDate "2011.05.26"]

1. e4 e5 2. Nf3 Nc6 3. Bb5 a6 4. Ba4 Nf6 5. d3 d6 6. O-O Be7 7. c3 O-O 8. Re1
Nd7 9. Nbd2 Bf6 10. Nf1 Nc5 11. Bc2 Ne6 12. Be3 Ne7 13. g3 g6 14. d4 Bg7 15. Qe2
Bd7 16. Rad1 Qe8 17. h4 f6 18. N1h2 Kh8 19. Qd2 Rd8 20. b4 Ra8 21. Bb3 a5 22. a3
Ng8 23. Bd5 Nd8 24. dxe5 fxe5 25. Kg2 Nf6 26. Bh6 Bxh6 27. Qxh6 axb4 28. axb4
Nxd5 29. exd5 Nf7 30. Qe3 Qe7 31. Ra1 Kg7 32. Ra7 Rxa7 33. Qxa7 Bc8 34. Qe3 Qd7
35. Kg1 Qb5 36. Rd1 Nh6 37. h5 Qc4 38. hxg6 hxg6 39. Qg5 Rf6 40. Kg2 Qe4 41. Qe3
Bf5 42. Kg1 Qxe3 43. fxe3 Ng4 44. Re1 Be4 45. Ng5 Nxh2 46. Kxh2 Bxd5 47. e4 Bc6
48. Kg2 Kh6 49. Nf3 Rf8 50. c4 Ra8 51. b5 Ra2+ 52. Kg1 Bd7 53. b6 cxb6 54. Nh4
b5 55. cxb5 Bxb5 56. Rb1 Bd3 57. Rd1 Ra3 58. Kf2 b5 59. Rd2 b4 60. Rb2 b3 0-1

[Event "TCh-FRA Top 12 2011"]
[Site "Mulhouse FRA"]
[Date "2011.05.28"]
[Round "3.7"]
[White "Roos, Louis"]
[Black "Bricard, Emmanuel"]
[Result "1/2-1/2"]
[WhiteTitle "IM"]
[BlackTitle "GM"]
[WhiteElo "2359"]
[BlackElo "2492"]
[WhiteTeam "C.E. Strasbourg"]
[BlackTeam "Mulhouse Philidor"]
[WhiteFideId "600288"]
[BlackFideId "600245"]
[EventDate "2011.05.26"]

1. Nf3 d5 2. d4 e6 3. c4 Be7 4. Nc3 Nf6 5. Bg5 O-O 6. e3 Nbd7 7. Rc1 dxc4 8.
Bxc4 a6 9. a4 c5 10. O-O cxd4 11. Nxd4 Ne5 12. Be2 Bd7 13. Qb3 Qa5 14. Bxf6 Bxf6
15. Ne4 Be7 16. f4 Nc6 17. Qxb7 Nxd4 18. exd4 Qxa4 19. Rfd1 Rfb8 20. Qc7 Rc8 21.
Qb7 Bc6 22. Qxe7 Bxe4 23. Qa3 Qd7 24. Rxc8+ Qxc8 25. Bf3 Qb7 26. Rf1 g6 27. Qe3
Bxf3 28. Qxf3 Qa7 29. Qf2 Rd8 30. Rd1 Rd5 31. h3 h5 32. Rd3 Qd7 33. Kh2 Kg7 34.
h4 a5 35. b3 f6 36. Qe3 e5 37. fxe5 fxe5 38. Qe4 exd4 39. Rg3 Qd6 40. Kh3 d3 41.
Rxg6+ Qxg6 42. Qxd5 Qg4+ 43. Kh2 Qxh4+ 44. Kg1 Qe1+ 45. Kh2 d2 46. Qd7+ Kf6 47.
Qd6+ Kf5 48. Qd3+ Ke5 49. Qc3+ Kf5 50. Qd3+ Qe4 51. Qxd2 Qh4+ 52. Kg1 Qb4 53.
Qd5+ 1/2-1/2

[Event "TCh-FRA Top 12 2011"]
[Site "Mulhouse FRA"]
[Date "2011.05.28"]
[Round "3.8"]
[White "Richard, Emma"]
[Black "Nicoara, Malina"]
[Result "1/2-1/2"]
[BlackTitle "WIM"]
[WhiteElo "2073"]
[BlackElo "2104"]
[WhiteTeam "Mulhouse Philidor"]
[BlackTeam "C.E. Strasbourg"]
[WhiteFideId "657590"]
[BlackFideId "604631"]
[EventDate "2011.05.26"]

1. e4 Nf6 2. e5 Nd5 3. d4 d6 4. Nf3 g6 5. Bc4 c6 6. O-O Bg7 7. Re1 O-O 8. exd6
Qxd6 9. Bg5 Re8 10. Nbd2 b5 11. Ne4 Qd8 12. Bb3 Na6 13. a4 b4 14. Qd2 Be6 15.
Bh6 Bh8 16. Neg5 Bf5 17. Nh4 Qc8 18. h3 Bd7 19. Ngf3 f6 20. Nh2 Be6 21. Qe2 Bf7
22. N4f3 Nac7 23. Ng4 Ne6 24. Bd2 a5 25. Nh6+ Kf8 26. Nxf7 Kxf7 27. c4 bxc3 28.
bxc3 Nec7 29. c4 Nb4 30. Bxb4 axb4 31. d5 c5 32. Rad1 Qd7 33. Qe3 Ra5 34. Qf4
Kg8 35. Qe3 Qd6 36. Nd2 f5 37. Nf3 Bc3 38. Re2 Ra6 39. Ng5 Ra5 40. h4 Qf6 41.
Nf3 Kg7 42. h5 f4 43. Qe4 Ra6 44. hxg6 hxg6 45. Rd3 g5 46. Nh2 Qg6 47. Qf3 Bf6
48. Bc2 Rh8 49. g3 Qh5 50. Qxh5 Rxh5 51. gxf4 gxf4 52. Re4 Be5 53. Nf3 Rg6+ 54.
Kf1 Bd6 55. Rd2 Rgh6 56. Re1 Rh1+ 57. Ke2 Rxe1+ 58. Nxe1 Rh3 59. Nf3 Kf6 60. Bd3
Na6 61. Rb2 Be5 62. Rb3 Rh1 63. Bb1 Rc1 64. Nd2 Bd4 65. Nf3 Be5 66. Nd2 Bd4 67.
Nf3 Be5 68. Nd2 Bc3 69. Ne4+ Ke5 70. Nxc3 bxc3 71. Kd3 Nb4+ 72. Ke2 Na6 73. Rb6
Nb4 74. Re6+ Kd4 75. Rb6 Na6 76. Bf5 1/2-1/2

[Event "TCh-FRA Top 12 2011"]
[Site "Mulhouse FRA"]
[Date "2011.05.28"]
[Round "3.3"]
[White "Solodovnichenko, Yuri"]
[Black "Delchev, Aleksander"]
[Result "1-0"]
[WhiteTitle "GM"]
[BlackTitle "GM"]
[WhiteElo "2574"]
[BlackElo "2619"]
[WhiteTeam "Lutece Echecs"]
[BlackTeam "Marseille Echecs"]
[WhiteFideId "14104369"]
[BlackFideId "2900394"]
[EventDate "2011.05.26"]

1. e4 e5 2. Nf3 Nc6 3. Bb5 a6 4. Ba4 Nf6 5. O-O Be7 6. Re1 b5 7. Bb3 d6 8. c3
O-O 9. h3 Na5 10. Bc2 c5 11. d4 Nd7 12. Nbd2 exd4 13. cxd4 Nc6 14. d5 Nce5 15.
a4 Rb8 16. Nxe5 Nxe5 17. axb5 axb5 18. f4 Ng6 19. Nf3 Bh4 20. Rf1 Bg3 21. f5 Ne5
22. Ng5 Nd7 23. e5 Bxe5 24. Nxh7 Nf6 25. Nxf8 Kxf8 26. Qf3 Bb7 27. Rd1 Qb6 28.
Be3 Bxb2 29. Rab1 Be5 30. g4 Re8 31. g5 Bd4 32. Bxd4 cxd4 33. gxf6 d3+ 34. Kf1
Bxd5 35. Qxd3 Re5 36. Rxb5 1-0